000 00845nam a2200265 i 4500
003 EG-GICUC
005 20260503203526.0
008 260503s1912 fr ||||| |||| 00| 0 fre d
040 _aEG-GiCUC
_bfre
_cEG-GiCUC
_dEG-GiCUC
_eRda
082 0 4 _221
_a347.8
092 0 4 _221
099 _aLaw1 11 347.8 HO . D 1912 1109325 C1
100 1 _aHooghe, Édouard d'.
_eAuteur
245 _aDroit aérien /
_cÉdouard d'. Hooghe.
264 _aParis,
_bLibrairie Administrative Paul Dupont :
_c[1912]
300 _a116 pages ;
_c24 cm
336 _2rda contenu
_a texte
337 _2rda medias
_aOrdinateur
338 _2 transporteur rda
_a Ressource en ligne
650 1 _aAeronautics
_xLaw and legislation
_2qrmak
651 1 _2qrmak
856 4 0 _uhttps://fll.law.cu.edu.eg/fulltext/bks/B11-09325.pdf
905 _a162
942 _2ddc
_cBK
_e21
_n0
999 _c75371
_d75371